000 00191nam a2200073Ia 4500
008 170524s9999 xx 000 0 und d
100 _aGUPTA K K
245 0 _aMECHANICAL DESIGN & ESTIMATION (HINDI)
260 _bASIAN PUB. MZN
999 _c7851
_d7851